Διαπολιτισμική παιδαγωγική και διδακτική
Αποθηκεύτηκε σε:
| Κύριος συγγραφέας: | |
|---|---|
| Μορφή: | Βιβλίο |
| Γλώσσα: | Greek |
| Δημοσίευση: |
Αθήνα :
[χ.ό.],
1998.
|
| Θέματα: | |
| Ετικέτες: |
Προσθήκη ετικέτας
Δεν υπάρχουν, Καταχωρήστε ετικέτα πρώτοι!
|
MARC
| LEADER | 00000cam a2200000 i 4500 | ||
|---|---|---|---|
| 001 | 1/38480 | ||
| 008 | 030723s1998 gr | ||| |||| ||gre|| | ||
| 020 | |a 9607412818 |q (τ.1) | ||
| 035 | |l 10070449 | ||
| 040 | |a GR-MY-UA |b gre |e aacr | ||
| 041 | 0 | |a gre | |
| 082 | 7 | |a 370.196 |2 (22) | |
| 100 | 1 | |a Παπάς, Αθανάσιος Ε. | |
| 245 | 1 | 0 | |a Διαπολιτισμική παιδαγωγική και διδακτική / |c Αθανάσιος Ε. Παπάς. |
| 260 | |a Αθήνα : |b [χ.ό.], |c 1998. | ||
| 300 | |a τ. ; |c 24 εκ. | ||
| 650 | 0 | 0 | |a Multicultural education. |
| 852 | |a INST |b RHODES |e 20030723 |h 370.196 ΠΑΠ |p 005400020438 |q 005400020438 |t BK |y 0 |z τ.1 | ||
| 852 | |a INST |b RHODES |e 20060511 |h 370.196 ΠΑΠ |p 005400021009 |q 005400021009 |t BK |y 0 |z τ.1 | ||
| 852 | |a INST |b RHODES |e 20030723 |h 370.196 ΠΑΠ |p 005400020438 |q 005400020438 |t BK |v τ.1: |y 0 |z τ.1 | ||
| 852 | |a INST |b RHODES |e 20060511 |h 370.196 ΠΑΠ |p 005400021009 |q 005400021009 |t BK |v τ.1: |y 0 |z τ.1 | ||
| 853 | |a INST |b RHODES |h 370.196 ΠΑΠ | ||
| 901 | |a BIBL4-2003-2 | ||
| 970 | |a ΚΟΥΛΑΚΙΟΤΗ |b ΛΙΤΣΑ |z 2003/07/23 | ||